[Event "Open Ricany 2013"]
[Site "Turnaj A"]
[Date "2013.08.27"]
[Round "5.2"]
[White "Hrdina, Robin"]
[Black "Mejzlik, Ondrej"]
[Result "0-1"]
[WhiteElo "2077"]
[BlackElo "2255"]
[PlyCount "50"]
[EventDate "2013.??.??"]

1. e4 c6 2. d4 d5 3. exd5 cxd5 4. c4 Nf6 5. Nc3 Nc6 6. Bg5 Be6 7. c5 g6 8. Bb5
Bg7 9. Nge2 O-O 10. O-O Ne4 11. Bf4 Qa5 12. Bxc6 bxc6 13. a3 Nxc3 14. Nxc3 Rfe8
15. Re1 Qa6 16. Qd2 Bf5 17. Rad1 Qc4 18. Qe2 Qb3 19. g4 Bd7 20. Rd3 Qc4 21. h3
Bxd4 22. b3 Bxf2+ 23. Qxf2 Qxd3 24. Re3 Qd4 25. Be5 Qxc5 0-1

[Event "Open Ricany 2013"]
[Site "Turnaj A"]
[Date "2013.08.27"]
[Round "5.3"]
[White "Vokac, Marek"]
[Black "Vanka, Miloslav"]
[Result "1-0"]
[WhiteElo "2458"]
[BlackElo "2173"]
[PlyCount "95"]
[EventDate "2013.??.??"]

1. d4 Nf6 2. c4 e6 3. Nf3 Bb4+ 4. Bd2 Qe7 5. g3 Nc6 6. Bg2 Bxd2+ 7. Nbxd2 d6 8.
O-O O-O 9. e4 e5 10. d5 Nb8 11. Ne1 a5 12. Nd3 Na6 13. Nb1 b6 14. f3 Nd7 15.
Nc3 Nac5 16. Nf2 f5 17. exf5 Rxf5 18. Qe2 Rf7 19. Rae1 Qf8 20. Nh3 Nf6 21. Ng5
Re7 22. f4 Bf5 23. Ne6 Bxe6 24. dxe6 Rxe6 25. Bxa8 Qxa8 26. fxe5 Rxe5 27. Qg2
Qe8 28. Rxe5 Qxe5 29. Qa8+ Kf7 30. Qd5+ Ke7 31. Qxe5+ dxe5 32. Rd1 c6 33. h3 e4
34. b3 Ke6 35. Kf2 Ke5 36. Ke3 Ne6 37. Na4 b5 38. Nb6 Nc5 39. Rd8 a4 40. cxb5
cxb5 41. bxa4 bxa4 42. Nc4+ Kf5 43. Rd6 h5 44. Rc6 Ne6 45. Ra6 Nd5+ 46. Kd2 h4
47. gxh4 Nef4 48. Rxa4 1-0

[Event "Open Ricany 2013"]
[Site "Turnaj A"]
[Date "2013.08.27"]
[Round "5.4"]
[White "Skalicky, Tomas"]
[Black "Sharashenidze, Akaki"]
[Result "0-1"]
[WhiteElo "1935"]
[BlackElo "2349"]
[PlyCount "66"]
[EventDate "2013.??.??"]

1. d4 d5 2. c4 c6 3. Nf3 e6 4. Qc2 Nf6 5. g3 Be7 6. Bg2 O-O 7. O-O b5 8. b3
bxc4 9. bxc4 Ba6 10. c5 Nbd7 11. Re1 Ne4 12. Nfd2 f5 13. f3 Bf6 14. Bb2 Nxd2
15. Nxd2 Rb8 16. Bc3 e5 17. e3 exd4 18. exd4 f4 19. Bf1 Bxf1 20. Nxf1 Qc8 21.
Rac1 Qa6 22. Qe2 Qa4 23. Qd2 Bg5 24. g4 Bh4 25. Re2 Qa6 26. Qd1 Rfe8 27. Rcc2
Nf8 28. Be1 Bf6 29. Bf2 Ne6 30. Qe1 Kf7 31. Rcd2 Qa3 32. Kg2 Ng5 33. Rxe8 Qxf3+
0-1

[Event "Open Ricany 2013"]
[Site "Turnaj A"]
[Date "2013.08.27"]
[Round "5.5"]
[White "Svatos, Jan"]
[Black "Haman, Jakub"]
[Result "1/2-1/2"]
[WhiteElo "2287"]
[BlackElo "2170"]
[PlyCount "73"]
[EventDate "2013.??.??"]

1. d4 Nf6 2. Bg5 Ne4 3. h4 g6 4. Nd2 Nxg5 5. hxg5 Bg7 6. e3 c5 7. c3 d6 8. Bc4
Nc6 9. Qf3 e6 10. Qg3 d5 11. Bb3 Qb6 12. O-O-O Bd7 13. Ngf3 c4 14. Bc2 Qa5 15.
a3 b5 16. e4 O-O-O 17. Qf4 Be8 18. exd5 exd5 19. Rh4 Qb6 20. Rdh1 a5 21. Rxh7
Rxh7 22. Rxh7 Bf8 23. Rxf7 Bxf7 24. Qxf7 b4 25. axb4 axb4 26. Bxg6 bxc3 27.
bxc3 Ba3+ 28. Kd1 Qb2 29. Ne5 Nxe5 30. dxe5 Qxc3 31. Qa7 Rf8 32. Qa8+ Kc7 33.
Qa7+ Kc6 34. Qa6+ Kc5 35. Qa7+ Kc6 36. Qa6+ Kc5 37. Qa7+ 1/2-1/2

[Event "Open Ricany 2013"]
[Site "Turnaj A"]
[Date "2013.08.27"]
[Round "5.6"]
[White "Gregor, Jiri"]
[Black "Starek, Stanislav"]
[Result "0-1"]
[WhiteElo "2253"]
[BlackElo "2096"]
[PlyCount "56"]
[EventDate "2013.??.??"]

1. d4 Nf6 2. c4 e6 3. Nf3 d5 4. Nc3 dxc4 5. e3 a6 6. Bxc4 b5 7. Bd3 Bb7 8. O-O
Nbd7 9. a4 b4 10. Ne2 c5 11. Ng3 Rc8 12. Qe2 a5 13. e4 Qc7 14. b3 h5 15. h4
cxd4 16. Nxd4 Bc5 17. Be3 Ng4 18. Nb5 Qe5 19. Bxc5 Nxc5 20. f4 Qf6 21. Nd6+ Kf8
22. Nxc8 Qd4+ 23. Kh1 Nxd3 24. Rac1 Qf6 25. Kg1 Qxh4 26. Rfd1 Qxg3 27. Qxd3
Qh2+ 28. Kf1 Qh1+ 0-1

[Event "Open Ricany 2013"]
[Site "Turnaj A"]
[Date "2013.08.27"]
[Round "5.7"]
[White "Vybiral, Zdenek"]
[Black "Skacel, Jan"]
[Result "1/2-1/2"]
[WhiteElo "2195"]
[BlackElo "2075"]
[PlyCount "102"]
[EventDate "2013.??.??"]

1. d4 Nf6 2. c4 g6 3. Nc3 d5 4. cxd5 Nxd5 5. e4 Nxc3 6. bxc3 Bg7 7. Qa4+ c6 8.
Be3 O-O 9. Rd1 Qc7 10. Be2 Nd7 11. Nf3 Nf6 12. Qc2 Bg4 13. O-O Nd7 14. Ng5 Bxe2
15. Qxe2 Nf6 16. e5 Nd5 17. Bd2 Bh6 18. Ne4 Bg7 19. c4 Nb6 20. f4 Qd7 21. Bb4
Rfe8 22. f5 gxf5 23. Ng5 e6 24. g4 h6 25. gxf5 exf5 26. Nh3 a5 27. Ba3 Qe6 28.
Rc1 Qg6+ 29. Kh1 Qg4 30. Qxg4 fxg4 31. Nf2 f6 32. Nxg4 fxe5 33. dxe5 Nd7 34.
Rg1 Kh7 35. Rb1 b6 36. Bd6 Re6 37. c5 b5 38. Rbf1 h5 39. Rf7 hxg4 40. Rxg4 Rg6
41. Rh4+ Kg8 42. Rxd7 Re8 43. Re4 Ree6 44. Rc7 Rg5 45. h4 Rg3 46. Kh2 Reg6 47.
e6 Rg2+ 48. Kh3 Rxa2 49. h5 Ra3+ 50. Kh2 Ra2+ 51. Kh3 Ra3+ 1/2-1/2

[Event "Open Ricany 2013"]
[Site "Turnaj A"]
[Date "2013.08.27"]
[Round "5.8"]
[White "Trepka, Jan"]
[Black "Postupa, Martin"]
[Result "1-0"]
[WhiteElo "2187"]
[BlackElo "2054"]
[PlyCount "147"]
[EventDate "2013.??.??"]

1. f4 d5 2. Nf3 g6 3. g3 Bg7 4. Bg2 Nf6 5. O-O O-O 6. d3 Nbd7 7. Qe1 c5 8. e4
e6 9. c3 b6 10. Ne5 dxe4 11. Nxd7 Qxd7 12. dxe4 Ba6 13. Rf2 Rad8 14. Rd2 Qc7
15. Na3 b5 16. Nc2 Bb7 17. e5 Nd5 18. Ne3 Nxe3 19. Qxe3 Bxg2 20. Kxg2 g5 21.
Qf3 Rxd2+ 22. Bxd2 f6 23. exf6 Rxf6 24. Rd1 Rf8 25. Be3 gxf4 26. Bxf4 Qf7 27.
Qe4 e5 28. Be3 Qxa2 29. Qd5+ Qxd5+ 30. Rxd5 Rc8 31. Bxc5 a5 32. Bb6 a4 33. Rxb5
a3 34. bxa3 Rxc3 35. a4 e4 36. Rb4 e3 37. Re4 Bh6 38. h4 Rc2+ 39. Kf1 Ra2 40.
a5 Rf2+ 41. Ke1 Ra2 42. g4 Bf8 43. Kf1 Rf2+ 44. Kg1 Ra2 45. g5 Bd6 46. Rxe3 Ra4
47. Rd3 Bb4 48. Rd8+ Kg7 49. Ra8 Bxa5 50. Rxa5 Rxh4 51. Be3 Rb4 52. Kf2 Rc4 53.
Kf3 Kg6 54. Bf4 Rb4 55. Ra6+ Kf7 56. Kg4 Rb1 57. Kf5 Rb7 58. Rc6 Rb5+ 59. Be5
Kf8 60. Kf6 Ke8 61. Rc8+ Kd7 62. Rc7+ Kd8 63. Rxh7 Rb6+ 64. Kg7 Ke8 65. Rh8+
Ke7 66. Bf6+ Ke6 67. Re8+ Kf5 68. Re5+ Kf4 69. g6 Rb7+ 70. Kf8 Rb6 71. Kf7 Rb7+
72. Re7 Rb6 73. g7 Kf5 74. Re5+ 1-0

[Event "Open Ricany 2013"]
[Site "Turnaj A"]
[Date "2013.08.27"]
[Round "5.9"]
[White "Janacek, Jaroslav"]
[Black "Vorisek, Jaroslav"]
[Result "0-1"]
[WhiteElo "2038"]
[BlackElo "2276"]
[PlyCount "90"]
[EventDate "2013.??.??"]

1. e4 e5 2. Nf3 Nc6 3. Bc4 Nf6 4. d3 Be7 5. c3 O-O 6. Bb3 d6 7. Nbd2 Na5 8. Bc2
c5 9. h3 Nc6 10. g4 d5 11. Qe2 Be6 12. Nf1 b5 13. Ng3 d4 14. Nf5 c4 15. Nxe7+
Qxe7 16. Bg5 Rfd8 17. a4 b4 18. cxd4 Nxd4 19. Nxd4 Rxd4 20. O-O cxd3 21. Bxd3
Rad8 22. Rfd1 Bb3 23. Rd2 Qd6 24. Rc1 h6 25. Bc4 Bxc4 26. Rxc4 Rxd2 27. Bxd2
Qxd2 28. Qxd2 Rxd2 29. Rxb4 Rd4 30. Rxd4 exd4 31. f3 Nd7 32. b4 Kf8 33. Kf2 g5
34. Ke2 Ne5 35. b5 Ke7 36. a5 Kd6 37. h4 Kc5 38. b6 axb6 39. a6 Kc6 40. f4 gxf4
41. g5 hxg5 42. h5 g4 43. h6 g3 44. h7 Ng6 45. Kf3 d3 0-1

[Event "Open Ricany 2013"]
[Site "Turnaj A"]
[Date "2013.08.27"]
[Round "5.10"]
[White "Vykouk, Jan"]
[Black "Kotzot, Jiri"]
[Result "1-0"]
[WhiteElo "2034"]
[BlackElo "2194"]
[PlyCount "143"]
[EventDate "2013.??.??"]

1. e4 e5 2. Nf3 Nc6 3. Bb5 a6 4. Ba4 Nf6 5. O-O Nxe4 6. d4 b5 7. Bb3 d5 8. dxe5
Be6 9. Nbd2 Nc5 10. c3 d4 11. Bxe6 Nxe6 12. cxd4 Ncxd4 13. Ne4 Be7 14. Be3 Nf5
15. Qc2 O-O 16. Nf6+ Bxf6 17. Qxf5 Be7 18. Rad1 Qc8 19. Qh5 Rd8 20. Nd2 Nd4 21.
Ne4 Qf5 22. Qxf5 Nxf5 23. Bc5 Bxc5 24. Nxc5 Nd4 25. Rfe1 a5 26. Kf1 Ne6 27.
Nxe6 fxe6 28. Rc1 Rd2 29. Rxc7 Rxb2 30. Rd1 Rf8 31. f3 Rf7 32. Rd8+ Rf8 33.
Rdd7 Rf5 34. Rxg7+ Kf8 35. Rxh7 Kg8 36. Rcg7+ Kf8 37. Ra7 Kg8 38. Rhg7+ Kf8 39.
Rgb7 Kg8 40. Rxa5 b4 41. Ra8+ Rf8 42. Rxf8+ Kxf8 43. h4 Rxa2 44. Rxb4 Kg7 45.
Re4 Kg6 46. Re2 Ra1+ 47. Kf2 Kh5 48. Kg3 Ra4 49. Re4 Ra5 50. Kh3 Rb5 51. g4+
Kg6 52. Kg3 Ra5 53. Kf4 Rb5 54. Rd4 Ra5 55. h5+ Kh6 56. Rd6 Ra4+ 57. Ke3 Kg5
58. Rxe6 Ra3+ 59. Kf2 Kf4 60. Rf6+ Kxe5 61. Rf5+ Ke6 62. h6 Ra7 63. Kg3 Rh7 64.
Rh5 Kf6 65. g5+ Kf5 66. f4 Rh8 67. h7 Kg6 68. Kg4 Kf7 69. f5 Kg7 70. g6 Kf6 71.
Rh1 Kg7 72. Kg5 1-0

[Event "Open Ricany 2013"]
[Site "Turnaj A"]
[Date "2013.08.27"]
[Round "5.11"]
[White "Lacza, Tibor"]
[Black "Kohout, Vratislav"]
[Result "1-0"]
[WhiteElo "2011"]
[BlackElo "2112"]
[PlyCount "167"]
[EventDate "2013.??.??"]

1. d4 d5 2. c4 c6 3. Nf3 Nf6 4. e3 e6 5. Bd3 Nbd7 6. O-O Be7 7. Nbd2 O-O 8. e4
dxe4 9. Nxe4 Nxe4 10. Bxe4 h6 11. Bc2 Nf6 12. Bf4 c5 13. Qe2 cxd4 14. Rfd1 Bc5
15. Be5 Qe7 16. Nxd4 Nd7 17. Bg3 Qf6 18. Nb3 Bb4 19. a3 Be7 20. Nd4 a6 21. b4
Re8 22. Rac1 e5 23. Nf5 a5 24. c5 axb4 25. axb4 Bf8 26. Nd6 Bxd6 27. Rxd6 Qe7
28. h3 Ra3 29. Rcd1 Nf8 30. R6d5 f6 31. Kh2 Be6 32. Rd6 Ra2 33. R1d2 Kh8 34.
Qb5 Rb2 35. f3 g5 36. Be4 Rxd2 37. Rxd2 Bc8 38. Rd6 Kg7 39. Rd2 h5 40. c6 bxc6
41. Bxc6 Rd8 42. Rxd8 Qxd8 43. Qc5 Ne6 44. Qa7+ Qc7 45. Bf2 Qxa7 46. Bxa7 Nd8
47. Be8 h4 48. Bc5 Ne6 49. Bd6 Nd8 50. Kg1 f5 51. Bxe5+ Kf8 52. Ba4 Ke7 53. Kf2
g4 54. f4 g3+ 55. Kg1 Bb7 56. Bb3 Nf7 57. Bg7 Be4 58. b5 Bb7 59. b6 Be4 60. Ba4
Bd5 61. Bb5 Bb7 62. Be2 Ke6 63. Kf1 Kd6 64. Bf6 Kc5 65. Bxh4 Kxb6 66. Bxg3 Kc5
67. Bd3 Nd6 68. Bh4 Kd4 69. Bb1 Ke3 70. Bg5 Bc8 71. Ba2 Ne4 72. h4 Ng3+ 73. Kg1
Ba6 74. Be6 Be2 75. Bf7 Bg4 76. Be8 Nh5 77. Bc6 Ng3 78. Be7 Ne2+ 79. Kf1 Kxf4
80. Kf2 Ke5 81. Bf3 Nd4 82. h5 Nxf3 83. h6 Nd2 84. h7 1-0

[Event "Open Ricany 2013"]
[Site "Turnaj A"]
[Date "2013.08.27"]
[Round "5.12"]
[White "Mejzlik, Vojtech"]
[Black "Cermak, Jan"]
[Result "0-1"]
[WhiteElo "2106"]
[BlackElo "1771"]
[PlyCount "122"]
[EventDate "2013.??.??"]

1. c4 c6 2. e4 d5 3. exd5 cxd5 4. d4 Nf6 5. Nc3 e6 6. Nf3 Nc6 7. c5 Bd7 8. Rb1
a6 9. Na4 Be7 10. Nb6 Ra7 11. b4 Ne4 12. Qc2 f5 13. a4 Bf6 14. Qb2 O-O 15. Be2
Be8 16. b5 axb5 17. axb5 Nxd4 18. Nxd4 Nxc5 19. Be3 Qxb6 20. Qc2 Ne4 21. Nxe6
d4 22. Nxd4 Qa5+ 23. Kf1 Nc3 24. Nb3 Qa4 25. Bxa7 Nxb1 26. Bc5 Na3 27. Qa2 Bxb5
28. Bxf8 Bxe2+ 29. Qxe2 Kxf8 30. Nc1 Nb1 31. g3 Qc6 32. f3 Qxc1+ 33. Kg2 Qd2
34. Qxd2 Nxd2 35. Kf2 b6 36. Ke3 Nc4+ 37. Kd3 Nd6 38. Re1 Kf7 39. h3 b5 40. Kc2
b4 41. Kb3 Bc3 42. Re2 Kf6 43. Ra2 Nb5 44. Ra6+ Kf7 45. Kc4 Nd4 46. f4 Ne2 47.
Ra7+ Kg6 48. Ra2 Nd4 49. Ra6+ Kh5 50. Ra5 g6 51. Ra7 h6 52. Ra5 g5 53. Kd3 gxf4
54. g4+ Kg5 55. gxf5 f3 56. h4+ Kg4 57. Ke3 b3 58. Ra6 Kxf5 59. Rxh6 b2 60. Rb6
Nc2+ 61. Kxf3 Nb4 0-1

[Event "Open Ricany 2013"]
[Site "Turnaj A"]
[Date "2013.08.27"]
[Round "5.13"]
[White "Pycha, Patrik"]
[Black "Schmalz, Michal"]
[Result "1/2-1/2"]
[WhiteElo "1981"]
[BlackElo "2077"]
[PlyCount "31"]
[EventDate "2013.??.??"]

1. e4 c5 2. Nf3 Nc6 3. d4 cxd4 4. Nxd4 g6 5. Nc3 Bg7 6. Be3 Nf6 7. Bc4 O-O 8.
Bb3 a5 9. f3 d5 10. Bxd5 Nxd5 11. exd5 Nb4 12. Nde2 e6 13. O-O exd5 14. a3 Nc6
15. Nxd5 Re8 16. Bf2 1/2-1/2

[Event "Open Ricany 2013"]
[Site "Turnaj A"]
[Date "2013.08.27"]
[Round "5.14"]
[White "Franek, Jan"]
[Black "Misicko, Jan"]
[Result "1-0"]
[WhiteElo "1970"]
[BlackElo "2074"]
[PlyCount "51"]
[EventDate "2013.??.??"]

1. e4 c5 2. Nf3 e6 3. d4 cxd4 4. Nxd4 Nf6 5. Nc3 d6 6. Be3 Be7 7. Bc4 Qc7 8.
Qe2 Nc6 9. O-O-O a6 10. Bb3 b5 11. Rhg1 Bd7 12. g4 b4 13. Na4 Nxe4 14. Nb6 Qxb6
15. Nxe6 Qa5 16. Nxg7+ Kf8 17. Rd5 Qd8 18. Bh6 Kg8 19. Qxe4 Ne5 20. f4 Bc6 21.
Qf5 Bd7 22. fxe5 Bxf5 23. gxf5 Qb6 24. Rdd1 Kf8 25. Ne6+ Ke8 26. Ba4+ 1-0

[Event "Open Ricany 2013"]
[Site "Turnaj A"]
[Date "2013.08.27"]
[Round "5.15"]
[White "Postupa, Pavel"]
[Black "Marsalek, Lubos"]
[Result "1-0"]
[WhiteElo "2260"]
[BlackElo "1997"]
[PlyCount "69"]
[EventDate "2013.??.??"]

1. e4 c5 2. Nf3 Nc6 3. d4 cxd4 4. Nxd4 Nf6 5. Nc3 d6 6. Be2 e6 7. O-O Be7 8.
Be3 O-O 9. f4 Qc7 10. Qe1 Nxd4 11. Bxd4 a6 12. Rd1 e5 13. fxe5 dxe5 14. Qg3 Bc5
15. Bxc5 Qxc5+ 16. Kh1 Qe7 17. Rd3 b5 18. a3 Bb7 19. Qh4 Rad8 20. Rh3 h6 21.
Rg3 Kh8 22. Rgf3 Rd6 23. Bd3 Bc8 24. h3 Kg8 25. Qe1 Bb7 26. Nd1 Nh5 27. Ne3 g6
28. Ng4 Kg7 29. Qd2 Nf4 30. Rxf4 exf4 31. Qxf4 g5 32. Qg3 Bc8 33. Ne3 Rf6 34.
Re1 Qd6 35. e5 1-0

[Event "Open Ricany 2013"]
[Site "Turnaj A"]
[Date "2013.08.27"]
[Round "5.16"]
[White "Krejci, Martin"]
[Black "Rut, Vojtech"]
[Result "0-1"]
[WhiteElo "2005"]
[BlackElo "2078"]
[PlyCount "80"]
[EventDate "2013.??.??"]

1. e4 c5 2. Nf3 Nc6 3. d4 cxd4 4. Nxd4 Nf6 5. Nc3 e5 6. Ndb5 d6 7. Bg5 a6 8.
Na3 b5 9. Nd5 Be7 10. Bxf6 Bxf6 11. c3 Bg5 12. Nc2 Rb8 13. Bd3 O-O 14. O-O Ne7
15. Nce3 Be6 16. Bc2 Qd7 17. Nxe7+ Qxe7 18. Nd5 Qb7 19. Bb3 a5 20. a3 Kh8 21.
Qe2 f5 22. f3 Qa7+ 23. Kh1 Qf7 24. Rad1 Bf4 25. exf5 Qxf5 26. Bc2 Qf7 27. Nxf4
Qxf4 28. Rxd6 Bc4 29. Bd3 e4 30. Bxc4 Qxd6 31. Bxb5 exf3 32. gxf3 Qb6 33. a4
Qb7 34. Kg2 Rf4 35. Rd1 Rbf8 36. Rd3 Qb6 37. Qf2 Qe6 38. Qe3 Qg6+ 39. Kf2 Qg5
40. Bc6 Qh6 0-1

[Event "Open Ricany 2013"]
[Site "Turnaj A"]
[Date "2013.08.27"]
[Round "5.17"]
[White "Cap, Adam"]
[Black "Havlik, Frantisek"]
[Result "1-0"]
[WhiteElo "2050"]
[BlackElo "1986"]
[PlyCount "57"]
[EventDate "2013.??.??"]

1. e4 c5 2. Nf3 Nc6 3. d4 cxd4 4. Nxd4 e5 5. Nb5 d6 6. N1c3 a6 7. Na3 b5 8. Nd5
Nf6 9. Bg5 Be7 10. Bxf6 gxf6 11. c3 f5 12. exf5 Bxf5 13. Nc2 Bg6 14. Be2 f5 15.
O-O O-O 16. f4 Kh8 17. a4 bxa4 18. Rxa4 a5 19. Nce3 Rb8 20. Nc4 Rg8 21. Kh1 Rg7
22. Qd2 Qg8 23. Nxe7 Nxe7 24. Nxd6 Nd5 25. fxe5 f4 26. Bc4 Ne3 27. Bxg8 Nxf1
28. Qxf4 Rxb2 29. Ba2 1-0

[Event "Open Ricany 2013"]
[Site "Turnaj A"]
[Date "2013.08.27"]
[Round "5.18"]
[White "Koper, Stefan"]
[Black "Marikova, Jana"]
[Result "0-1"]
[WhiteElo "1992"]
[BlackElo "2045"]
[PlyCount "66"]
[EventDate "2013.??.??"]

1. d4 Nf6 2. c4 g6 3. Nc3 Bg7 4. e4 d6 5. Nge2 O-O 6. Ng3 h5 7. Bd3 Nbd7 8. O-O
e5 9. d5 a5 10. Bg5 Nc5 11. Bc2 Qd7 12. f3 Nh7 13. Be3 h4 14. Nge2 Qe7 15. Qd2
f5 16. exf5 gxf5 17. f4 e4 18. Kh1 Nf6 19. h3 Nh5 20. Rg1 Ng3+ 21. Kh2 Kf7 22.
Nxg3 hxg3+ 23. Kxg3 Bf6 24. Kh2 Rh8 25. Rae1 Bh4 26. Re2 Bd7 27. Bd4 Rh6 28.
Nd1 Rg8 29. g3 Bxg3+ 30. Rxg3 Rxg3 31. Nf2 Rhxh3+ 32. Nxh3 Qh4 33. Kh1 Qxh3+
0-1

[Event "Open Ricany 2013"]
[Site "Turnaj A"]
[Date "2013.08.27"]
[Round "5.19"]
[White "Plchot, Miroslav"]
[Black "Kolasin, Jan"]
[Result "0-1"]
[WhiteElo "1887"]
[BlackElo "2038"]
[PlyCount "76"]
[EventDate "2013.??.??"]

1. c4 g6 2. Nc3 Bg7 3. g3 Nf6 4. Bg2 O-O 5. e3 d6 6. Nge2 Nc6 7. O-O e5 8. d4
Re8 9. d5 Ne7 10. e4 Nd7 11. f4 f5 12. Bd2 Nc5 13. fxe5 Bxe5 14. Bg5 fxe4 15.
b4 Bg4 16. h3 Bxc3 17. hxg4 Bxb4 18. Bh6 Nc8 19. Rb1 Ba5 20. Qd4 Qe7 21. Rf6
Bb6 22. Rxb6 Nxb6 23. g5 Qe5 24. Qf2 Nd3 25. Qf1 Nxc4 26. Bh3 Nd2 27. Be6+ Kh8
28. Qd1 Nf3+ 29. Kg2 Nxg5 30. Qf1 Ne1+ 31. Qxe1 Qxf6 32. Qd2 Nxe6 33. dxe6 Rxe6
34. Be3 Qf3+ 35. Kh2 Rf8 36. Nf4 Re7 37. Qd4+ Re5 38. Qd2 Rxf4 0-1

[Event "Open Ricany 2013"]
[Site "Turnaj A"]
[Date "2013.08.27"]
[Round "5.20"]
[White "Vavrinec, Tomas"]
[Black "Pavlicek, Petr"]
[Result "1/2-1/2"]
[WhiteElo "2015"]
[BlackElo "1976"]
[PlyCount "93"]
[EventDate "2013.??.??"]

1. Nf3 Nf6 2. c4 e6 3. b3 Be7 4. Bb2 O-O 5. g3 d5 6. Bg2 c5 7. cxd5 exd5 8. d4
b6 9. O-O Bb7 10. Nc3 Re8 11. Rc1 Nbd7 12. e3 Rc8 13. dxc5 bxc5 14. Rc2 Nf8 15.
Rd2 Qb6 16. Nh4 Qe6 17. Qb1 Ne4 18. Bxe4 dxe4 19. Ng2 Ng6 20. Ne2 Bf6 21. Ngf4
Qf5 22. Bxf6 Qxf6 23. Nxg6 hxg6 24. Rfd1 Ba6 25. Nf4 g5 26. Rd6 Qf5 27. R1d5
Re5 28. Rxe5 Qxe5 29. Rxa6 gxf4 30. exf4 Qd4 31. Ra4 Qd3 32. Qc1 Rd8 33. Qe3
Qb1+ 34. Kg2 f5 35. Qxc5 Qd1 36. Qxf5 Qf3+ 37. Kh3 Rd6 38. Qc8+ Kh7 39. Qf5+
Kg8 40. Qc8+ Kh7 41. Qf5+ Kg8 42. Ra6 Rxa6 43. Qc8+ Kh7 44. Qxa6 Qxf2 45. Qb5
e3 46. Qh5+ Kg8 47. Qe8+ 1/2-1/2

[Event "Open Ricany 2013"]
[Site "Turnaj A"]
[Date "2013.08.27"]
[Round "5.21"]
[White "Skala, Jaromir"]
[Black "Berg, Antonin"]
[Result "1/2-1/2"]
[WhiteElo "2011"]
[BlackElo "1826"]
[PlyCount "67"]
[EventDate "2013.??.??"]

1. d4 d5 2. Nf3 Nf6 3. c4 e6 4. Nc3 Nbd7 5. Bg5 c6 6. e3 Qa5 7. Bxf6 Nxf6 8.
Nd2 Bb4 9. Qc2 dxc4 10. Nxc4 Qc7 11. Be2 O-O 12. a3 Be7 13. O-O Bd7 14. Rac1
Rac8 15. Rfd1 Rfd8 16. e4 Be8 17. e5 Nd5 18. Ne4 Qb8 19. b4 b6 20. Ned6 Rc7 21.
Qe4 c5 22. dxc5 bxc5 23. bxc5 Rxc5 24. Rb1 Qa8 25. Bf3 Rc7 26. Nxe8 Rxe8 27.
Qg4 Rd8 28. Nd2 Qc8 29. Ne4 Rc4 30. Qg3 Kh8 31. Ng5 Bxg5 32. Qxg5 Qc7 33. h3 h6
34. Qg3 1/2-1/2

[Event "Open Ricany 2013"]
[Site "Turnaj A"]
[Date "2013.08.27"]
[Round "5.22"]
[White "Rihova, Kamila"]
[Black "Petras, Milan"]
[Result "0-1"]
[WhiteElo "1687"]
[BlackElo "2006"]
[PlyCount "66"]
[EventDate "2013.??.??"]

1. e4 e5 2. Nc3 Nc6 3. Bc4 Nf6 4. d3 Bb4 5. Nge2 Na5 6. Bb3 h6 7. O-O c6 8. d4
Nxb3 9. axb3 d6 10. h3 O-O 11. Ng3 Re8 12. Re1 Be6 13. Be3 a6 14. Qd3 Qe7 15.
Red1 Bxc3 16. bxc3 Nh7 17. Rf1 Qh4 18. Bd2 g5 19. Nh1 Rad8 20. Qg3 Qxg3 21.
Nxg3 Kg7 22. f3 Kg6 23. Ne2 f5 24. g3 fxe4 25. fxe4 Bxh3 26. Rf2 Rf8 27. Rh2
Bg4 28. Ra5 Rde8 29. Ra4 Nf6 30. d5 cxd5 31. exd5 Bd7 32. Rb4 b5 33. c4 a5 0-1

[Event "Open Ricany 2013"]
[Site "Turnaj A"]
[Date "2013.08.27"]
[Round "5.23"]
[White "Postupa, Pavel st"]
[Black "Havelka, Jan"]
[Result "0-1"]
[WhiteElo "2017"]
[BlackElo "1774"]
[PlyCount "124"]
[EventDate "2013.??.??"]

1. e4 c5 2. Nf3 d6 3. d4 cxd4 4. Nxd4 Nf6 5. Nc3 a6 6. Be2 e5 7. Nf3 Qc7 8. Bg5
Nbd7 9. O-O b5 10. Nd2 Be7 11. Bf3 Nb6 12. Ne2 Be6 13. b3 O-O 14. Rc1 h6 15.
Be3 Nfd7 16. c3 Rac8 17. Ng3 d5 18. exd5 Nxd5 19. Bxd5 Bxd5 20. Nf5 Nf6 21.
Nxe7+ Qxe7 22. c4 bxc4 23. Nxc4 Rfd8 24. Bb6 Bxc4 25. Rxc4 Rxd1 26. Rxc8+ Kh7
27. Rxd1 Qb7 28. Rc5 Qxb6 29. Rxe5 Ng4 30. Re2 Qc7 31. g3 Kg6 32. Red2 Ne5 33.
Re2 Nf3+ 34. Kg2 Qc6 35. Re3 Ne5+ 36. Kg1 f6 37. a4 Nf3+ 38. Kg2 Nh4+ 39. Kf1
Nf5 40. Red3 Qh1+ 41. Ke2 Qxh2 42. Rf3 Qh5 43. Rdd3 Qg4 44. Kd2 Qb4+ 45. Kd1
Qe4 46. Kd2 Qb4+ 47. Kd1 Ne7 48. Rf4 Qb7 49. Ke2 Nc6 50. Re3 Qb6 51. Rd3 Ne5
52. Re3 Qc5 53. Kf1 Kh7 54. Kg2 Qd5+ 55. Kh2 g5 56. Rfe4 Nf3+ 57. Kg2 Nd2 58.
f3 Nxe4 59. fxe4 Qd6 60. Kf2 Kg6 61. Ke2 h5 62. Kf2 g4 0-1

[Event "Open Ricany 2013"]
[Site "Turnaj A"]
[Date "2013.08.27"]
[Round "5.24"]
[White "Havelka, Petr"]
[Black "Volodymyr, Liuba"]
[Result "0-1"]
[WhiteElo "1865"]
[BlackElo "2196"]
[PlyCount "68"]
[EventDate "2013.??.??"]

1. d4 Nf6 2. c4 c5 3. dxc5 e6 4. Nf3 Bxc5 5. e3 O-O 6. Be2 b6 7. O-O Bb7 8. Nc3
d5 9. cxd5 exd5 10. a3 Nc6 11. Nb5 Ne4 12. Nbd4 Qf6 13. Nxc6 Bxc6 14. Nd4 Bb7
15. f4 Rac8 16. Bf3 Rfe8 17. Qa4 b5 18. Qd1 a6 19. Qd3 a5 20. Rd1 b4 21. axb4
Bxb4 22. Nb3 Qb6 23. Qd4 Qb5 24. Qd3 Qb6 25. Qd4 Qc7 26. Bg4 Qc2 27. Bxc8 Qf2+
28. Kh1 Be1 29. Qd3 Qh4 30. g3 Bxg3 31. Rd2 Bxc8 32. Nd4 Nxd2 33. Qxd2 Rxe3 34.
Nc2 Rd3 0-1

[Event "Open Ricany 2013"]
[Site "Turnaj A"]
[Date "2013.08.27"]
[Round "5.25"]
[White "Hlina, Milos"]
[Black "Kindl, Fratisek"]
[Result "0-1"]
[WhiteElo "1862"]
[BlackElo "1922"]
[PlyCount "76"]
[EventDate "2013.??.??"]

1. d4 Nf6 2. Nf3 g6 3. e3 Bg7 4. b3 O-O 5. Bb2 d5 6. Bd3 Ne4 7. c4 Nc5 8. Bc2
dxc4 9. bxc4 Ne6 10. Nc3 c5 11. d5 Nc7 12. O-O e6 13. e4 Nba6 14. Rb1 Nb4 15.
Bb3 exd5 16. cxd5 Ne8 17. a3 Na6 18. Re1 Nd6 19. e5 Nf5 20. Qd3 Nc7 21. Ne4 b6
22. Nf6+ Bxf6 23. exf6 Ne8 24. g4 Nfd6 25. g5 Bf5 26. Qe3 Bxb1 27. Rxb1 Qd7 28.
Bc2 Qg4+ 29. Kh1 Nc4 30. Qc3 Nxb2 31. Rxb2 Nd6 32. Rb1 Ne4 33. Bxe4 Qxe4 34.
Rg1 Rad8 35. Rg2 Rxd5 36. Nd2 Qe1+ 37. Rg1 Qxd2 38. Qh3 Rxg5 0-1

[Event "Open Ricany 2013"]
[Site "Turnaj A"]
[Date "2013.08.27"]
[Round "5.26"]
[White "Hadrava, Jaroslav"]
[Black "Mihal, Sergej"]
[Result "1-0"]
[WhiteElo "1915"]
[BlackElo "1771"]
[PlyCount "89"]
[EventDate "2013.??.??"]

1. e4 e5 2. Nf3 Nc6 3. Bc4 Nd4 4. Nxd4 exd4 5. O-O d6 6. d3 Be6 7. f4 Qf6 8.
Nd2 O-O-O 9. Nf3 Bg4 10. Qe1 Bxf3 11. Rxf3 Ne7 12. c3 d5 13. Bb3 dxe4 14. dxe4
Nc6 15. Bd5 Bc5 16. b4 Bb6 17. e5 Qe7 18. Bxc6 dxc3+ 19. Be3 bxc6 20. Qxc3 Qd7
21. Rc1 Kb7 22. a4 a6 23. a5 Bxe3+ 24. Rxe3 Qd5 25. Qc4 Rd7 26. Rec3 Rhd8 27.
Qxc6+ Qxc6 28. Rxc6 Rd1+ 29. Kf2 Rxc1 30. Rxc1 Rd4 31. Rb1 Rxf4+ 32. Ke3 Rf5
33. Ke4 g6 34. Rb2 Kc6 35. Rc2+ Kd7 36. g4 Rg5 37. Kf4 f6 38. exf6 Rb5 39. Rc5
Rxb4+ 40. Kg5 h6+ 41. Kxh6 Rxg4 42. f7 Ke7 43. Kg7 Rf4 44. Rxc7+ Kd8 45. Ra7
1-0

[Event "Open Ricany 2013"]
[Site "Turnaj A"]
[Date "2013.08.27"]
[Round "5.27"]
[White "Jandl, Vojtech"]
[Black "Brcak, Marek"]
[Result "1-0"]
[WhiteElo "1824"]
[BlackElo "1902"]
[PlyCount "83"]
[EventDate "2013.??.??"]

1. e4 e5 2. Nf3 Nc6 3. Bc4 Nf6 4. d3 Be7 5. Nc3 O-O 6. O-O d6 7. h3 Na5 8. Bb3
Nxb3 9. axb3 c6 10. d4 exd4 11. Qxd4 b6 12. Bf4 Be6 13. e5 dxe5 14. Bxe5 Qxd4
15. Nxd4 Bd7 16. Rfe1 Bc5 17. Bxf6 gxf6 18. Nf3 Bf5 19. Ne4 Bxe4 20. Rxe4 Rfe8
21. Rxa7 Rxe4 22. Rxa8+ Kg7 23. Kf1 Re7 24. Nh4 Rd7 25. Nf5+ Kg6 26. g4 Kg5 27.
Ke2 Kf4 28. Rc8 h5 29. Rxc6 hxg4 30. hxg4 Kxg4 31. Ne3+ Kg5 32. c3 Re7 33. b4
Bxe3 34. fxe3 f5 35. Kf3 Rd7 36. Rxb6 Rd2 37. c4 Rxb2 38. c5 Rb3 39. c6 f4 40.
Rb5+ f5 41. c7 Rxe3+ 42. Kf2 1-0

[Event "Open Ricany 2013"]
[Site "Turnaj A"]
[Date "2013.08.27"]
[Round "5.28"]
[White "Sadil, Jan"]
[Black "Konvalinka, Vladislav"]
[Result "0-1"]
[WhiteElo "1630"]
[BlackElo "1886"]
[PlyCount "30"]
[EventDate "2013.??.??"]

1. d4 d5 2. c4 c6 3. cxd5 cxd5 4. Nc3 Nc6 5. Nf3 Nf6 6. Bf4 e6 7. e3 Bd6 8.
Bxd6 Qxd6 9. Bd3 O-O 10. O-O e5 11. dxe5 Nxe5 12. Be2 Rd8 13. Rc1 Nfg4 14. Nb5
Nxf3+ 15. Bxf3 Qxh2# 0-1